1612 1854 1511 1624 1753 1465 1007 1619 1815 1265 1011 1085 1506 1575 1604 1959 1587 1855 1321 1381 1215 1215 1742 1343 1816 1486 1090 1214 1367 1495 1621 1187 1265 1306 1520 1661 1533 1958 1710 1830 1908 1352 1888 1594 1355 1226 1543 1185 1455 1395 1178 1711 1933 1986 1970 1168 1131 1876 1086 1274 1559 1419 1914 1911 1094 1345 1362 1985 1725 1939 1786 1572 1627 1937 1917 1156 1711 1577 1178 1993 1793 1546 1394 1450 1500 1814 1494 1202 1832 1836 1349 1223 1566 1684 1286 1017 1014 1232 1092 BCNSPRNW ULIB Ver.6.0+V

เปลี่ยนเป็นภาษาไทย

Change to English
 แสดงรายละเอียดบรรณานุกรม
  กลับหน้าหลัก

Brief Record : Get Marc (ISO 2709) : E-mail record : QR code < ปิดหน้าต่าง
LEADER : 00000nam 2200000uu 4500
001    13399112852
003     ULIB
008    110914s2551||||th 000 0 tha d
020    9789740440017
090    นว.^bบ111จ 2551
100 0  เฉียวอัน
245 00 จอมใจนายทัพ/^cเฉียวอัน
250    พิมพ์ครั้งที่ 1
260    กรุงเทพฯ :^bแจ่มใส,^c2551
300    266 หน้า
710 1  แจ่มใส
945    ^p179^l0^i15020
995    กัณชพร
999    ^aใช้งานได้ทุกระบบ
รายการนี้ยังไม่มีแท็ก
คุณยังไม่ได้ล็อกอิน คุณสามารถมีกิจกรรมร่วมกับเว็บไซต์ได้ แต่ต้องล็อกอินก่อน ::
  ล็อกอิน

รายการสื่อสารสนเทศ

ลำดับที่ ประเภท เลขเรียก/บาร์โค้ด สถานที่ สถานะ
1. วิทยาศาสตร์การแพทย์ และสุขภาพ
วิทยาศาสตร์การแพทย์ และสุขภาพ
นว. บ111จ 2551  
  Barcode: 15020
ห้องสมุดวิทยาเขตสวรรค์ประชารักษ์
►นวนิยาย
บนชั้น
  ขอยืม

รายการใกล้เคียง
    ผู้แต่ง [เฉียวอัน]

BibComment


ยังไม่เคยถูกคอมเมนท์

คอมเมนท์ทรัพยากรรายการนี้
  คอมเมนท์: จอมใจนายทัพ เฉียว..


 Copyright 2026. Bcnsprnw @Library